00446cam a2200157ua 450000100060000000800390000602000180004504000090006308200110007210000310008324500800011425000120019426000580020630000100026465300140027410882190503n ii |||gr||||Z||||||eng a9788173914621 cMAIN a370.11 aP M Lohithakshan,eAuthor. aDictionary of education : bA practical approach / cBy P M Lohithakshan .  a1st ed. aNew Delhi:bKanishka publishers, distributors,c2015. a435p. aEducation